| 000 | 00798nam a2200229Ia 4500 | ||
|---|---|---|---|
| 005 | 20241129105930.0 | ||
| 008 | 241129s9999||||xx |||||||||||||| ||und|| | ||
| 020 | _a978-81-7119-630-2 | ||
| 037 | _aTB | ||
| 040 |
_aARTS _bhin _cARTS |
||
| 041 |
_ahin _2hin |
||
| 084 |
_aO152,6x R2 _qARTS |
||
| 100 | _aअनन्तमूर्ति, यू. आर., ले. | ||
| 245 | 0 |
_aकिस प्रकार की है यह भारतीयता ? _cअनन्तमूर्ति, यू. आर., ले. |
|
| 250 | _a4 | ||
| 260 |
_aनई दिल्ली, भारत _bराधाकृष्ण प्रकाशन _c2018 |
||
| 300 | _a139पृ0 | ||
| 365 |
_aINR _b495 |
||
| 650 | _aHindi Prose | ||
| 942 |
_cTB _hO152,6x R2 |
||
| 999 |
_c1226640 _d1226640 |
||